| 000 | 00712cam a22002533a 4500 | ||
|---|---|---|---|
| 001 | 7483 | ||
| 003 | PGUSA | ||
| 005 | 20140828083145.0 | ||
| 008 | 050201s2005||||xxu|||||s|||||000 | eng d | ||
| 040 |
_aPGUSA _beng |
||
| 042 | _adc | ||
| 050 | 4 | _aB | |
| 100 | 1 |
_aGuan, Zhong, _d--645 |
|
| 245 | 1 | 0 |
_a管子 — Volume 01 : _bChapters 1-5 _h[electronic resource] / _cZhong Guan |
| 260 |
_bProject Gutenberg, _c2005 |
||
| 506 | _aPublic domain in the USA. | ||
| 516 | _aElectronic text | ||
| 653 | _aPhilosophy, Chinese | ||
| 653 | _aChinese classics | ||
| 740 | 0 | _aGuanzi — Volume 01 : Chapters 1-5 | |
| 830 | 0 |
_aProject Gutenberg _v7483 |
|
| 856 | 4 | 0 | _uhttp://www.gutenberg.org/ebooks/7483 |
| 942 | _cEB | ||
| 999 |
_c236803 _d236803 |
||